1853 1684 1044 1324 1614 1384 1806 1857 1704 1861 1744 1420 1218 1065 1058 1211 1101 1480 1984 1492 1303 1471 1241 1599 1680 1767 1933 1485 1673 1577 1440 1642 1682 1687 1927 1264 1055 1339 1061 1241 1397 1164 1195 1480 1199 1600 1845 1179 1364 1192 1044 1521 1190 1396 1797 1994 1646 1524 1807 1710 1060 1645 1551 1432 1691 1205 1080 1835 1586 1523 1868 1577 1675 1355 1105 1488 1374 1071 1958 1841 1127 1384 1773 1479 1449 1742 1519 1831 1419 1676 1251 1690 1297 1551 1263 1904 1438 1598 1506 BCNSPRNW ULIB Ver.6.0+V

เปลี่ยนเป็นภาษาไทย

Change to English
 แสดงรายละเอียดบรรณานุกรม
  กลับหน้าหลัก

Brief Record : Get Marc (ISO 2709) : E-mail record : QR code < ปิดหน้าต่าง
LEADER : 00000nam 2200000uu 4500
001    13399124188
003     ULIB
008    150125s500||||th 000 0 tha d
020    ^a9786162790409
060  4 ^aWO500^bม482H
110 1  ^aมหาวิทยาลัยมหิดล.^bคณะแพทยศาสตร์ศิริราชพยาบาล
245 00 ^aHead neck and breast surgery, volume 6 /^cบรรณาธิการ ; สืบวงศ์ จุฑาภิสิทธิ์, วราภรณ์ อิ่มฤทัยเจริญโชค, มงคล บุญศรีพิทยานนท์
250    ^aพิมพ์ครั้งที่ 1
260    ^aกรุงเทพฯ :^bภาควิชาศัลยศาสตร์ คณะแพทยศาสตร์ศิริราชพยาบาลมหาวิทยาลัยมหิดล,^c2556
300    ^a227 หน้า :^bภาพประกอบ ;^c21 ซม
504    ^aบรรณานุกรมท้ายบท
650  7 ^aศีรษะ^xการผ่าตัด
650  7 ^aคอ^xการผ่าตัด
650  7 ^aหน้าอก^xการผ่าตัด
650  7 ^aเต้านม^xการผ่าตัด
700 0  ^aสืบวงศ์ จุฑาภิสิทธิ์,^eบรรณาธิการ
700 0  ^aวราภรณ์ อิ่มฤทัยเจริญโชค,^eบรรณาธิการ
700 0  ^aมงคล บุญศรีพิทยานนท์,^eบรรณาธิการ
700 0  ^aโสภาคย์ มนัสนยกรณ์.^tBreast conserving surgery afterneoadjuvant systemic treatment
700 0  ^aอภิชัย อังสพัทธ์.^tExperience in microsurgical reconstructionin head and neck cancer
710 2  ^aจุฬาลงกรณ์มหาวิทยาลัย.^bภาควิชาศัลยศาสตร์
945    ^p500^l0^i038881
945    ^p500^l0^i038882
945    ^p500^l0^i038883
999    ^aเกษร โพธิ์สุวรรณ
รายการนี้ยังไม่มีแท็ก
คุณยังไม่ได้ล็อกอิน คุณสามารถมีกิจกรรมร่วมกับเว็บไซต์ได้ แต่ต้องล็อกอินก่อน ::
  ล็อกอิน

รายการสื่อสารสนเทศ

ลำดับที่ ประเภท เลขเรียก/บาร์โค้ด สถานที่ สถานะ
1. วิทยาศาสตร์การแพทย์ และสุขภาพ
หนังสือสำรอง
สถานะ=หนังสือสำรอง
WO500 ม482H ฉ.1 
  Barcode: 038881
ห้องสมุดวิทยาเขตสวรรค์ประชารักษ์
►ส่วนจัดเก็บหนังสือเก่า สปร
บนชั้น
  ขอยืม
2. วิทยาศาสตร์การแพทย์ และสุขภาพ
วิทยาศาสตร์การแพทย์ และสุขภาพ
WO500 ม482H ฉ.2 
  Barcode: 038882
ห้องสมุดวิทยาเขตสวรรค์ประชารักษ์
►ส่วนจัดเก็บหนังสือเก่า สปร
บนชั้น
  ขอยืม
3. วิทยาศาสตร์การแพทย์ และสุขภาพ
วิทยาศาสตร์การแพทย์ และสุขภาพ
WO500 ม482H ฉ.3 
  Barcode: 038883
ห้องสมุดวิทยาเขตสวรรค์ประชารักษ์
►ส่วนจัดเก็บหนังสือเก่า สปร
บนชั้น
  ขอยืม

BibComment


ยังไม่เคยถูกคอมเมนท์

คอมเมนท์ทรัพยากรรายการนี้
  คอมเมนท์: Head neck and br..


 Copyright 2026. Bcnsprnw @Library